Culture Générale - Série 516 - Statistiques

Statistiques générales
  • Ce quiz a été pris 181 fois
  • Le résultat moyen est 7 sur 10
Statistiques - réponses
Question Réponse % Correct
Quel animal est Bagheera dans "Le Livre de la jungle" ? panthère
95%
Quel sous-vêtement porte un nom anglais signifiant "ficelle" ? string
95%
Quel est le parfum de la glace dans la recette traditionnelle de la pêche Melba ? Vanille
94%
Quel ex-président de l'URSS a pour particularité physique une tache de vin sur le front ? Gorbatchev
88%
Quel héros de dessin animé travaille dans un fast-food sous-marin appelé "Le Crabe croustillant" ? Bob l'éponge
75%
Quel nom signifiant "océan de sagesse" donne-t-on au chef spirituel du bouddhisme tibétain ? Dalaï-lama
74%
Quel est l'impératif présent du verbe absoudre à la deuxième personne du pluriel ? Absolvez
69%
Quel héros de cinéma veut tuer Sarah Connor dans un film de 1985 ? Terminator
62%
Quel est le prénom de l'ancien présentateur du journal de 20 heures dénommé Gicquel ? Roger
53%
Quel héros consulte le "livre des secrets" d'après le titre d'un film sorti en France en 2008 ? Benjamin Gates
17%
Aucun quiz correspondant
Distribution des résultats
% des personnes avec chaque résultat
Percentile par nombre de réponses
Votre historique - résultats
Vous n’avez pas pris ce quiz